000 00481nam a2200169 i 4500
001 101110
003 ES-MaACL
005 20250829062539.0
007 t|
008 051013s1929 fr ||||1| fre d
100 1 _aMaurois, André,
_d1885-1967
_979267
245 1 0 _aClimats /
_cAndré Maurois, [seud.] de Emile Herzog.
260 _aParis :
_b[s.n.],
_c1929 (
_fF. Paillart)
300 _a286 p., 3 h. ;
_c19 cm.
852 _aES-MaACL
_jB-2794
_bR.8499
999 _c101110
_d101110